Preserving home ownership : progress needed to prevent foreclosures : hearing before the Committee on Banking, Housing, and Urban Affairs, United States Senate, One Hundred Eleventh Congress, first session, on examining the state of the housing market and the federal government's efforts to prevent foreclosures, July 16, 2009.

Bibliographic Details
Corporate Author: United States. Congress. Senate. Committee on Banking, Housing, and Urban Affairs
Format: Government Document eBook
Language:English
Published: Washington : U.S. G.P.O., 2010.
Series:S. hrg. ; 111-317
Subjects:
Online Access:Electronic resource (PDF)

MARC

Tag First Indicator Second Indicator Subfields
LEADER 00000cam a22000001a 4500
001 in00004100650
005 20200117091334.0
006 m d f
007 cr bn mmmapmmp
008 100506s2010 dcua ob f000 0 eng d
035 |a chdc201001097 
040 |a UMI  |c UMI  |d UtOrBLW 
042 |a pcc 
043 |a n-us--- 
074 |a 1035-C 
086 0 |a Y 4.B 22/3:S.HRG.111-317 
110 1 |a United States.  |b Congress.  |b Senate.  |b Committee on Banking, Housing, and Urban Affairs.  |0 http://id.loc.gov/authorities/names/n81033403 
245 1 0 |a Preserving home ownership :  |b progress needed to prevent foreclosures : hearing before the Committee on Banking, Housing, and Urban Affairs, United States Senate, One Hundred Eleventh Congress, first session, on examining the state of the housing market and the federal government's efforts to prevent foreclosures, July 16, 2009. 
264 1 |a Washington :  |b U.S. G.P.O.,  |c 2010. 
264 2 |a Washington :  |b For sale by the Supt. of Docs., U.S. G.P.O. 
300 |a iii, 264 pages :  |b illustrations, digital, PDF file. 
336 |a text  |b txt  |2 rdacontent 
337 |a computer  |b c  |2 rdamedia 
338 |a online resource  |b cr  |2 rdacarrier 
490 1 |a S. hrg. ;  |v 111-317 
500 |a Shipping list number: 2010-0213-P. 
504 |a Includes bibliographical references. 
500 |a Record is based on bibliographic data in ProQuest Congressional Hearings Digital Collection. Reuse except for individual research requires license from ProQuest, LLC. 
500 |a Electronic resource. 
533 |a Electronic reproduction.  |b [Bethesda, Md.] :  |c ProQuest,  |d 2010.  |e digital, PDF file.  |n ProQuest U.S. Congressional Hearings Digital Collection.  |n Mode of access: World Wide Web via ProQuest website. 
538 |a System requirements: PDF reader software. 
650 0 |a Foreclosure  |x Prevention  |x Government policy  |z United States. 
650 0 |a Home ownership  |x Government policy  |z United States. 
776 0 8 |i Print version:   |a United States. Congress. Senate. Committee on Banking, Housing, and Urban Affairs.  |t Preserving home ownership  |w 9780160856112  |w 0160856116  |w (OCoLC)611941714 
776 0 8 |i Microfiche version:   |a United States. Congress. Senate. Committee on Banking, Housing, and Urban Affairs.  |t Preserving home ownership  |d [Bethesda, Md.] : ProQuest,[2010]  |o CIS 2010 S241-82  |w (ProQuest)cis01002793  
810 1 |a United States.  |b Congress.  |b Senate.  |t S. hrg. ;  |v 111-317.  |0 http://id.loc.gov/authorities/names/n83707917 
856 4 0 |u http://proxy.library.tamu.edu/login?url=http://search.proquest.com/congcomp/getdoc?HEARING-ID=HRG-2009-BHU-0041  |y Electronic resource (PDF)  |t 0 
998 |a cis01002793  
999 f f |s 730722cc-804d-309e-b38c-0b4634b8486a  |i 42bc1e59-000f-327a-a4b2-dcf5f55941c3  |t 0 
952 f f |a Texas A&M University  |b College Station  |c Electronic Resources  |d Available Online  |t 0  |e Y 4.B 22/3:S.HRG.111-317  |h Superintendent of Documents classification 
998 f f |a Y 4.B 22/3:S.HRG.111-317  |t 0  |l Available Online